[Event "36th Zalakaros Festival 2017"]
[Site "Zalakaros"]
[Date "2017.05.20"]
[Round "3"]
[White "Vajda, Levente"]
[Black "Gazik, Viktor"]
[Result "1-0"]
[WhiteElo "2600"]
[BlackElo "2449"]
[Annotator "TA"]
[PlyCount "52"]
[EventDate "2017.??.??"]
[EventType "swiss"]
[EventCountry "HUN"]
[SourceTitle "playchess.com"]
[Source "ChessBase"]
[SourceQuality "1"]

{[%evp 21,52,0,0,-2,-8,-22,-5,-28,29,21,39,-40,50,56,106,113,135,137,131,134,179,166,165,164,351,344,343,344,440,430,413,430,422]} 1. Nf3 Nf6 2. g3 g6 3. Bg2 Bg7 4. O-O O-O 5. c4 d6 6. d4 Nbd7 7. Nc3 e5 8. e4 c6 9. h3 Qa5 10. d5 cxd5 11. cxd5 b5 {[%cal Bb7b5,Bb5b4][%mdl 32]} 12. Nd2 {E69: King's Indian: Fianchetto: 6...Nbd7 7 0-0 e5 8 e4 c6 9 h3} b4 13. Nb3 Qc7 14. Ne2 {The position is equal.} (14. Nb1 a5 15. a4 Ba6 16. Re1 Rfc8 17. Be3 h5 18. N1d2 Qd8 19. Bf1 Bxf1 20. Rxf1 {0-1 (40) Grabarczyk,M (2475)-Movsesian,S (2718) Warsaw 2009}) 14... Ba6 (14... a5 $142) 15. Re1 Rfc8 16. Bd2 (16. a3 $14) 16... Qb6 $146 (16... Bd3 $15 17. Rc1 Bc2 18. Bxb4 Bxd1 19. Rxc7 Rxc7 20. Rxd1 Rc2) ({Predecessor:} 16... Nc5 17. Bxb4 Nd3 18. Qd2 Qb6 19. Bc3 Qxf2+ {0-1 (27) Steiner,P (1870)-Vavra,R (2040) Czechia 2014}) 17. Be3 Qb5 {[#]} 18. a3 $1 Nb6 19. axb4 {aiming for Ra5.} Nc4 {[#]} 20. Bc1 $1 Rab8 21. Nd2 Qb7 22. Nb1 {Strongly threatening Nec3.} Ne8 $2 (22... Bb5 23. Nbc3 Be8) 23. Nec3 $18 Nc7 24. Bf1 Nb5 25. Nxb5 Bxb5 26. b3 Ra8 {Precision: White = 64%, Black = 23%.} 1-0

[Event "36th Zalakaros Festival 2017"]
[Site "Zalakaros"]
[Date "2017.05.20"]
[Round "3"]
[White "Papp, Gabor"]
[Black "Shvayger, Yuliya"]
[Result "1-0"]
[WhiteElo "2592"]
[BlackElo "2423"]
[Annotator "TA"]
[PlyCount "87"]
[EventDate "2017.??.??"]
[EventType "swiss"]
[EventCountry "HUN"]
[SourceTitle "playchess.com"]
[Source "ChessBase"]
[SourceQuality "1"]

{[%evp 14,87,40,45,47,42,41,42,40,38,59,52,48,49,62,61,69,50,54,6,11,11,11,11,17,24,9,12,18,12,16,7,12,0,0,0,35,12,10,10,24,0,0,0,18,16,16,12,14,9,12,8,13,13,13,13,14,14,53,53,54,56,920,892,29993,870,29994,29995,29995,29996,29996,29997,29997,29998,29998,29999]} 1. Nf3 d5 2. d4 Nf6 3. c4 e6 4. g3 dxc4 5. Bg2 a6 6. O-O Nc6 7. e3 Rb8 8. Nfd2 Qd7 {E04: Open Catalan: 5 Nf3} 9. Nxc4 b5 10. Ncd2 Bb7 {White is slightly better.} (10... Be7 11. Nc3 O-O 12. Nb3 Rd8 13. Qe2 a5 14. Rd1 a4 15. Nd2 b4 16. Nxa4 Nxd4 17. exd4 Qxa4 {½-½ (77) Sethuraman,S (2629)-Naiditsch,A (2702) Sharjah 2017}) 11. Nc3 {[%cal Bb1c3,Bc3e4,Be4c5][%mdl 32]} Be7 12. Nb3 O-O 13. e4 {[%cal Be3e4,Be4e5][%mdl 32]} a5 $146 ({Predecessor:} 13... Na7 14. e5 Nd5 15. Ne4 Nc6 16. Qg4 f5 17. exf6 Nxf6 18. Nec5 Bxc5 19. Nxc5 Nxg4 20. Nxd7 Nxd4 21. Bxb7 Rxb7 22. Nxf8 Kxf8 23. Be3 {1-0 (23) Keller,M (2097)-Luehrig,W (2155) IECG email 2005}) 14. e5 ({But not} 14. Nxb5 Ba6 $11) 14... Nd5 15. Ne4 Ba8 16. Qg4 (16. Be3 $5) 16... f5 17. exf6 $1 Nxf6 18. Nbc5 Bxc5 19. Nxc5 Qf7 $132 {[%mdl 2048] Black puts up resistance} 20. Qxe6 Nxd4 21. Qxf7+ Kxf7 22. Bxa8 Rxa8 23. Kg2 Nc2 24. Rb1 Nb4 25. a4 (25. a3 $5 {[%cal Ra3b4]} Nbd5 26. Bg5 $14) 25... bxa4 26. Ra1 Rfb8 27. Rxa4 Rb5 28. Bd2 Nc6 29. Rc1 Rxb2 30. Bc3 Rb5 31. Bxf6 gxf6 32. Rh4 Ne5 33. Rxh7+ Kg6 34. Rxc7 a4 35. Ne6 {Hoping for Rg7+.} a3 {White must now prevent ...a2.} (35... Rb6 $5 {[%cal Rb6e6]} 36. Nf4+ Kh6 $14) 36. Rg7+ $1 Kh6 {...a2 is the strong threat.} 37. Rcc7 $1 a2 $2 {[%mdl 8192] [#]} (37... Rb4 $14) 38. Nd4 $1 $18 {Intending Rh7+ and mate.} Rh8 39. Nf5+ Kh5 {[#]} 40. Rc4 $1 {[%csl Gf5,Gg3][%cal Rc4h4][%mdl 512] White mates.} Ng6 (40... Nxc4 41. g4#) 41. g4+ Kg5 42. h4+ Rxh4 43. f4+ Kxg4 44. Ne3+ {Precision: White = 83%, Black = 55%.} 1-0

[Event "36th Zalakaros Festival 2017"]
[Site "Zalakaros"]
[Date "2017.05.20"]
[Round "3"]
[White "Stupak, Kirill"]
[Black "Tica, Sven"]
[Result "1/2-1/2"]
[WhiteElo "2560"]
[BlackElo "2332"]
[Annotator "TA"]
[PlyCount "100"]
[EventDate "2017.??.??"]
[EventType "swiss"]
[EventCountry "HUN"]
[SourceTitle "playchess.com"]
[Source "ChessBase"]
[SourceQuality "1"]

{[%evp 19,100,41,51,28,25,24,42,16,20,9,78,92,78,40,34,37,55,49,43,30,34,29,33,33,33,33,20,18,20,23,25,0,0,0,0,-58,-67,-61,-13,-47,-47,-56,-32,-87,-58,-58,-58,-62,-53,-59,-60,-60,-11,-47,-56,-58,-55,-54,-17,-25,0,0,0,-57,-56,-56,-49,-44,-56,-49,0,0,0,0,0,0,0,0,0,0,0,0,0]} 1. c4 e6 2. Nf3 d5 3. g3 Nf6 4. Bg2 Be7 5. O-O O-O 6. d4 c6 7. Nc3 Nbd7 8. Nd2 b6 9. e4 dxe4 10. Ndxe4 Bb7 {LiveBook: 8 Games} 11. Be3 {E07: Closed Catalan: Main Line (5 Nf3 0-0 6 0-0 Nbd7)} Nxe4 12. Nxe4 e5 13. Qd2 $146 {White is slightly better.} ({Predecessor:} 13. Re1 f5 14. Nc3 Bf6 15. dxe5 Nxe5 16. Qb3 Qc7 17. c5+ Qf7 18. Qc2 Nc4 19. Qxf5 Nxe3 20. fxe3 Qe7 {½-½ (20) Huebner,R (2612)-Riff,J (2494) Switzerland 2011}) 13... f5 14. Nc3 f4 (14... Qc7 $11 15. Rad1 Rad8) 15. gxf4 $16 exd4 16. Qxd4 Qc7 17. Rad1 Rad8 $1 18. Qe4 Nc5 19. Bxc5 Bxc5 20. Rxd8 Qxd8 21. Qe6+ Kh8 22. Ne4 Be7 23. Re1 Bb4 24. Re3 Bc8 25. Qxc6 Qd1+ 26. Bf1 Qg4+ $1 27. Rg3 (27. Bg2 $11) 27... Qxf4 $15 28. Be2 Qc1+ 29. Kg2 Qxb2 30. Re3 Qe5 {aiming for ...Qe7.} 31. Ng3 ({White should play} 31. Qa4 $15 Qe7 32. a3) 31... Qc5 32. Bf3 $1 Qxc6 33. Bxc6 Bc5 34. Re2 g6 35. f3 Bf5 36. Be4 Bd7 37. h4 Kg7 38. h5 Be6 (38... g5 {seems wilder.} 39. Rd2 Bc8 40. Rd5 Kh6 41. Bd3 Rf7) 39. Bd5 Bxd5 (39... Bc8 {keeps more tension.} 40. hxg6 hxg6 41. Ne4 Bb4 42. c5 bxc5 43. a3 Ba5) 40. cxd5 $11 {[%mdl 4096] Endgame KRB-KRN} Rd8 41. Rd2 (41. Re5 $11) 41... Kf6 $15 42. Ne4+ Ke5 43. hxg6 hxg6 44. Ng5 Rxd5 {[#]} 45. f4+ $1 {[%mdl 512] The position is equal.} Kd6 $1 (45... Kxf4 46. Rxd5) 46. Nf7+ Ke6 47. Nd8+ Kd6 $1 48. Nb7+ Kc6 (48... Ke6 $5 49. Nd8+ $8 Kd6 50. Nb7+ Ke6 51. Nd8+ $11) 49. Nd8+ Kd6 $1 50. Nb7+ Kc6 {Precision: White = 66%, Black = 64%.} 1/2-1/2

[Event "36th Zalakaros Festival 2017"]
[Site "Zalakaros"]
[Date "2017.05.20"]
[Round "3"]
[White "Aczel, Gergely"]
[Black "Injac, Teodora"]
[Result "1/2-1/2"]
[WhiteElo "2546"]
[BlackElo "2296"]
[Annotator "TA"]
[PlyCount "134"]
[EventDate "2017.??.??"]
[EventType "swiss"]
[EventCountry "HUN"]
[SourceTitle "playchess.com"]
[Source "ChessBase"]
[SourceQuality "1"]

{[%evp 14,134,24,18,16,-25,-17,-23,-27,-48,-33,-47,-25,-59,-56,-65,-50,-39,-47,-52,-69,-81,-61,-77,-81,-55,-44,-49,14,-6,-22,-73,-70,-71,-77,-87,-42,-43,0,-171,-186,-424,-188,-864,-853,-865,-839,-679,-658,-873,-843,-29984,-29985,-29991,-29978,-29982,-822,-1185,-1181,-29988,-29985,-29985,-1600,-29986,-29985,-29978,-929,-29976,-581,-497,-132,-155,-113,-220,-61,-89,-83,-169,-68,-8,-22,-73,-73,-18,-23,-56,-8,-26,-18,-31,-8,-35,-26,-81,0,0,0,0,0,0,0,0,0,0,0,0,0,0,0,0,0,0,0,0,0,0,0,0,0,0,0,-8,0]} 1. d4 Nf6 2. c4 g6 3. f3 Bg7 4. e4 d6 5. Nc3 O-O 6. Be3 a6 7. Bd3 Nfd7 8. Nge2 {LiveBook: 13 Games. E81: King's Indian: Sämisch: 6th move deviations (including 6 Be3 c6)} c5 9. Bc2 Nc6 10. dxc5 $146 ({Predecessor:} 10. d5 Na5 11. b3 b5 12. cxb5 axb5 13. Rc1 b4 14. Na4 Ba6 15. Rb1 Bb5 {½-½ (24) Portisch,L (2610)-Tkachiev,V (2535) Tilburg 1994}) 10... Nxc5 11. a3 Be6 12. b3 $1 {[#]} b5 $1 {[%mdl 512]} 13. cxb5 axb5 14. b4 Nd7 15. Bd3 Nde5 16. Bxb5 Bc4 17. Bxc6 Nxc6 18. O-O $1 Bxe2 19. Nxe2 Bxa1 20. Qxa1 e5 (20... Re8 $15) 21. Qc3 Qc8 22. Rb1 (22. Qd3 $11) 22... Ne7 $17 23. Rb3 Qe6 $1 24. Qb2 f5 25. Nc3 Qc4 26. Bg5 $2 (26. h3 $11) 26... Nc6 $36 {[%mdl 2048] And now ...Nd4 would win. Black is on the roll.} 27. Nd5 $2 (27. Be3) 27... fxe4 (27... Nd4 $142 28. Re3 fxe4 29. Nf6+ Rxf6 $1 {[%mdl 512]} 30. Bxf6 exf3) 28. Nf6+ $2 {[#]} (28. Ne3 Qb5 29. fxe4) 28... Rxf6 $1 $19 {[%mdl 512]} 29. Bxf6 Nd4 30. Re3 exf3 31. gxf3 Rf8 32. Be7 Nxf3+ 33. Kf2 Nxh2+ 34. Bxf8 Ng4+ ({Stronger than} 34... Kxf8 35. Kg1 $11) (34... Qf1+ $142 35. Kg3 Qg1+ 36. Kh3 Nf1 37. Qg2 Qxe3+ 38. Kh4 Qf4+ 39. Kh3 Kxf8 40. Qa8+ Kg7 41. Kg2 Ne3+ 42. Kh1 d5 43. Qa7+ Kh6 44. Qxe3 Qxe3 45. Kg2 d4 46. Kh1 d3 47. Kh2 d2 48. b5 d1=Q 49. Kg2 Qdg1#) 35. Kg1 Nxe3 36. Bxd6 Qg4+ 37. Kh2 Qf4+ (37... Qh4+ $142 38. Kg1 Qg3+ 39. Kh1 Qh4+ 40. Kg1 Qg3+ 41. Kh1 Qh3+ 42. Kg1 Qg3+) 38. Kg1 Qg3+ 39. Kh1 Qf3+ (39... Qh3+ $142 40. Kg1 Qf1+ 41. Kh2 Ng4+ 42. Kg3 Qf4+ 43. Kg2 Qh2+ 44. Kf3 Qxb2 45. Be7 Qf2+ 46. Ke4 Qf5+ 47. Kd5 e4+ 48. Kd6 Qe5+ 49. Kc6 Qxe7 50. Kb6 e3 51. Kb5 e2 52. Kb6 e1=Q 53. Kc6 Qc3+ 54. Kb6 Qec7+ 55. Kb5 Q3c6#) 40. Kg1 Qd1+ (40... Qf1+ $142 41. Kh2 Ng4+ 42. Kg3 Qf4+ 43. Kg2 Qh2+ 44. Kf3 Qxb2 45. Bc5 Qxa3+ 46. Ke4 Kg7 47. Kd5 Qd3+ 48. Kc6 e4 49. b5 e3 50. Ba7 Qc3+ 51. Kb7 e2 52. Bb8 e1=Q 53. Bd6 Qe8 54. Kb6 Qd8+ 55. Ka7 Qca5+ 56. Kb7 Qab6#) 41. Kf2 Nc4 $2 ({Weaker is} 41... Qxd6 42. Kxe3 Qf6 43. Ke2 $11) (41... Ng4+ $1 $19 {and Black stays clearly on top.} 42. Kg3 h5 43. Bxe5 Qe1+ 44. Kg2 Nxe5) 42. Qa2 $17 Qd4+ ({Inferior is} 42... Qxd6 43. Qxc4+ Kg7 44. Ke2 $11) 43. Kg3 (43. Ke2 $17 {is a better defense.}) 43... Kg7 $2 (43... Qd3+ $19 44. Kg2 Qe4+ 45. Kg1 Qg4+ 46. Kh2 Qf4+ 47. Kh1 Qe4+ 48. Kh2 Qh4+ 49. Kg2 Qg4+ 50. Kh2 Qh4+ 51. Kg1 Qg4+ 52. Kh2) 44. Bc5 $15 Qd3+ $1 45. Kh2 (45. Kg2 $17 {was the only defense.}) 45... Nxa3 ({Black should play} 45... Nd2 $1 $19 46. Qe6 Nf3+ 47. Kg2 Nh4+ 48. Kf2 Qd2+ 49. Kg3 Nf5+ 50. Kf3 Qd3+ 51. Kf2 Qd2+ 52. Kf3 Qd3+ 53. Kf2 Qd2+ 54. Kf3) 46. Qe6 $1 {[%cal Re6e5]} Qd2+ 47. Kh3 {[#]} (47. Kh1 $11 Qh6+ 48. Kg2 Qg5+ 49. Kh2) 47... Qh6+ $1 $17 48. Kg2 Qg5+ 49. Kh1 Qf6 50. Qd7+ Qf7 51. Qd3 Nc4 {Strongly threatening ...Nb6!} 52. Kg1 Qe6 {aiming for ...h5.} 53. b5 {[#]} e4 (53... g5 $1 $17 54. Qd8 Kg6) 54. Qd4+ $11 {The position is equal.} Kf7 55. b6 Qg4+ 56. Kh2 Qf4+ 57. Kg2 Qf3+ 58. Kh2 Qe2+ 59. Kg3 (59. Kg1 $5 {[%cal Rb6b7]}) 59... Qf3+ 60. Kh2 Qe2+ 61. Kg3 {White threatens Qd7+ and mate.} (61. Kg1 $5 {[%cal Rb6b7]}) 61... Qf3+ (61... Nxb6 $5 62. Bxb6 Qf3+ 63. Kh2 g5 $11) 62. Kh2 Qf4+ 63. Kg2 Qf3+ 64. Kh2 Qf4+ 65. Kg2 Qg4+ 66. Kh2 Qe2+ 67. Kg3 {Intending Qd7+ and mate.} Qf3+ {Precision: White = 40%, Black = 39%.} 1/2-1/2

[Event "36th Zalakaros Festival 2017"]
[Site "Zalakaros"]
[Date "2017.05.20"]
[Round "3"]
[White "Shyam, Sundar M"]
[Black "Basso, Pier Luigi"]
[Result "1/2-1/2"]
[WhiteElo "2535"]
[BlackElo "2447"]
[Annotator "TA"]
[PlyCount "59"]
[EventDate "2017.??.??"]
[EventType "swiss"]
[EventCountry "HUN"]
[SourceTitle "playchess.com"]
[Source "ChessBase"]
[SourceQuality "1"]

{[%evp 9,59,17,29,16,29,10,14,8,20,0,2,-13,-19,-17,-29,-31,0,-30,0,0,0,-15,0,-8,-8,-33,-20,-66,-62,-61,-29,-34,0,0,0,0,41,0,0,-24,0,0,22,15,14,-12,-16,-183,0,0,0,-181]} 1. e4 e5 2. Nf3 Nc6 3. Bc4 Bc5 4. O-O Nf6 5. d3 O-O 6. a4 {C50: Hungarian Defence and Giuoco Pianissimo} a6 (6... h6 7. c3 a5 8. h3 d6 9. Re1 Ba7 10. Nbd2 Ne7 11. Nf1 Ng6 12. Ng3 c6 13. d4 exd4 14. Nxd4 {½-½ (48) Karjakin,S (2783)-Kramnik,V (2811) Shamkir 2017}) 7. h3 h6 8. c3 d6 9. Na3 (9. b4 {with more complications.} Ba7 10. Nbd2 Ne7 11. Re1 Ng6 12. d4) 9... Ne7 10. Be3 $146 (10. b4 {is more complex.} Ba7 11. Re1 Ng6 12. Nc2 c6 13. Be3) ({Predecessor:} 10. b4 Ba7 11. Bb3 Ng6 12. Nc4 Be6 13. Na5 Qc8 {0-1 (35) Tan,J (2451)-Csonka,B (2414) chess.com INT 2017}) 10... Bxe3 11. fxe3 Ng6 12. Bb3 Be6 13. a5 Bxb3 14. Qxb3 Qd7 15. Nc4 Qb5 16. Qc2 Rfe8 17. Nfd2 Rad8 18. Rxf6 gxf6 19. Rf1 Re6 {next ...d5 is good for Black.} 20. d4 exd4 21. exd4 d5 22. Ne3 $1 {[%cal Bc4e3,Be3f5,Bf5h6,Bh6g4][%mdl 32]} Qxa5 23. Nf5 Qb5 24. e5 Qe2 25. Nxh6+ Kf8 26. Ng4 $1 fxe5 {[#] Strongly threatening ...Nf4.} 27. Rf2 (27. Qf5 $5 {[%cal Rf5f7]} Qxg2+ 28. Kxg2 Nh4+ 29. Kg3 Nxf5+ 30. Rxf5 $15) 27... Qe1+ 28. Rf1 $2 (28. Kh2 $1 $11 {and White has nothing to worry.} e4 29. Nf1) 28... Qe2 29. Rf2 Qe1+ 30. Rf1 {Precision: White = 31%, Black = 46%.} 1/2-1/2

[Event "36th Zalakaros Festival 2017"]
[Site "Zalakaros"]
[Date "2017.05.20"]
[Round "3"]
[White "Sanal, Vahap"]
[Black "Blohberger, Felix"]
[Result "1-0"]
[WhiteElo "2533"]
[BlackElo "2319"]
[Annotator "TA"]
[PlyCount "91"]
[EventDate "2017.??.??"]
[EventType "swiss"]
[EventCountry "HUN"]
[SourceTitle "playchess.com"]
[Source "ChessBase"]
[SourceQuality "1"]

{[%evp 13,91,16,26,-9,-11,-28,-9,-26,-24,-16,4,-26,-13,-26,-18,-36,0,-39,-2,-81,-61,-95,-57,-112,-104,-108,-88,-93,-75,-113,-68,-66,-76,-75,-51,-65,-43,-35,0,-3,-7,0,0,-5,-3,-4,0,0,18,15,20,0,0,0,0,0,0,9,17,0,91,70,91,91,157,62,329,363,359,358,802,831,650,625,616,523,879,1065,1404,1327]} 1. Nf3 d5 2. g3 c6 3. Bg2 Bg4 4. O-O Nd7 5. d3 Ngf6 6. Nbd2 e5 7. h3 Bh5 8. g4 {A07: Réti Opening: New York and Capablanca Systems} Bg6 9. Nh4 Bd6 10. e3 {The position is equal.} Qc7 $146 ({Predecessor:} 10... Nf8 11. f4 N6d7 12. Qe1 f6 13. e4 d4 14. Nc4 Bc7 15. Nf5 Bxf5 16. exf5 {1-0 (37) Caruana,F (2791)-Movsesian,S (2672) Dubai 2014}) 11. Qe2 O-O 12. b3 a5 13. a3 h6 14. Bb2 Nc5 15. Nf5 Rfe8 (15... Bxf5 $5 16. gxf5 b5 $15) 16. c4 {[#]} (16. Nxd6 $11 {remains equal.} Qxd6 17. Rfc1) 16... d4 $1 $17 {[%mdl 512]} 17. Rfe1 (17. exd4 exd4) 17... Qd7 18. exd4 (18. b4 $15 Na4 19. Nxd6 Qxd6 20. c5) 18... exd4 19. Qf3 Bxf5 20. gxf5 Bc7 21. Kf1 Qd6 22. Rxe8+ Rxe8 23. Re1 Rxe1+ 24. Kxe1 Nfd7 {[%cal Bf6d7,Bd7e5,Be5d3][%mdl 32] [#] aiming for ...Ne5.} 25. Qe2 Qe5 26. Qxe5 Nxd3+ 27. Ke2 N7xe5 (27... Bxe5 $2 {is the wrong capture.} 28. Kxd3 Nc5+ 29. Kc2 $18) 28. Bxd4 Nf4+ 29. Kf1 Nxg2 30. Kxg2 $11 {[%mdl 4096] Endgame KBN-KBN} Nd3 31. Kf3 Bd6 32. Ke4 Nc5+ 33. Ke3 g6 34. Bc3 b6 35. b4 axb4 36. axb4 Na4 (36... Na6 $11 {keeps the balance.}) 37. Ne4 $16 Nxc3 38. Nxd6 $14 {KN-KN} Nd1+ (38... Kg7 $142) 39. Kf3 ({Better is} 39. Ke2 $16 Nc3+ 40. Kd3) 39... b5 $2 {[%mdl 8192]} (39... gxf5 $14 40. Nc8 (40. Nxf5 Kh7 $14) 40... Nc3) 40. cxb5 $18 cxb5 41. Nxb5 Kg7 $2 (41... Nb2 42. Ke4 Kg7) 42. Nd6 {White is clearly winning.} Nb2 43. Ke4 Kf6 {If only Black now had time for ...Ke7....} 44. b5 Na4 45. Kd5 gxf5 46. f4 {Precision: White = 43%, Black = 27%.} 1-0

[Event "36th Zalakaros Festival 2017"]
[Site "Zalakaros"]
[Date "2017.05.20"]
[Round "3"]
[White "Mikhalevski, Victor"]
[Black "Frolov, Artur"]
[Result "1-0"]
[WhiteElo "2520"]
[BlackElo "2410"]
[Annotator "TA"]
[PlyCount "63"]
[EventDate "2017.??.??"]
[EventType "swiss"]
[EventCountry "HUN"]
[SourceTitle "playchess.com"]
[Source "ChessBase"]
[SourceQuality "1"]

{[%evp 16,63,29,-9,-11,-9,-16,-53,-43,-49,2,5,16,15,0,-16,-9,-12,-12,-16,-8,-16,-19,-30,14,12,12,2,71,58,66,68,99,95,109,114,140,149,208,222,317,317,309,290,338,339,335,325,968,916]} 1. d4 Nf6 2. Nf3 g6 3. g3 Bg7 4. Bg2 d5 5. O-O O-O 6. c4 c6 7. Qb3 Qb6 8. Nc3 Be6 9. cxd5 {LiveBook: 3 Games. D78: Fianchetto Grünfeld: 6 0-0 c6} (9. Na4 Qxb3 10. axb3 Nbd7 11. Nc3 h6 12. Ne5 Nb6 13. c5 Nbd7 14. f4 a6 15. b4 Bf5 16. h3 h5 {½-½ (50) Kramnik,V (2777)-Andreikin,D (2720) Baku 2015}) 9... Qxb3 10. axb3 Nxd5 11. Ra3 $146 {The position is equal.} ({Predecessor:} 11. Ne4 Nd7 12. Neg5 Bg4 13. h3 Bxf3 14. Nxf3 e5 15. dxe5 Nxe5 16. Nxe5 Bxe5 17. Bxd5 cxd5 {1-0 (42) Maletin,P (2556)-Andreikin,D (2555) Novokuznetsk 2007}) 11... Nb4 12. Ng5 Nc2 ({Better is} 12... Bf5 $15) 13. Nxe6 $11 fxe6 14. Ra4 $36 {[%mdl 2048] White is pushing.} Nxd4 15. Rb4 Na6 16. Rxb7 Nc5 17. Rb4 Rab8 18. Rc4 Ncxb3 19. e3 Nxc1 20. Rxc1 Nb3 21. Rc2 Rfd8 {[#]} (21... Bxc3 $11 {remains equal.} 22. R4xc3 c5) 22. Bh3 $1 $16 Nd2 23. Bxe6+ Kh8 24. Rxc6 Nf3+ 25. Kf1 h5 26. Nd5 Bxb2 (26... Rxb2 $16 27. Rxb2 (27. Nxe7 Rxc2 28. Rxc2 g5 $18) 27... Bxb2 28. Nxe7 Kg7) 27. Nxe7 $18 Ba3 (27... Kg7 $142 28. Nxg6 Nxh2+ 29. Kg2 Kxg6 30. Kxh2 Bf6) 28. Nxg6+ Kg7 {Threatening ...Rb1+.} 29. Ba2 Nxh2+ 30. Kg2 Ng4 31. Nf4 {[#] Strongly threatening Rg6+.} Nf6 $2 (31... Rd6 32. Nxh5+ Kh6) 32. Ne6+ {Precision: White = 61%, Black = 35%.} 1-0

[Event "36th Zalakaros Festival 2017"]
[Site "Zalakaros"]
[Date "2017.05.20"]
[Round "3"]
[White "Kollars, Dmitrij"]
[Black "Saptarshi, Roy"]
[Result "1/2-1/2"]
[WhiteElo "2503"]
[BlackElo "2407"]
[Annotator "TA"]
[PlyCount "67"]
[EventDate "2017.??.??"]
[EventType "swiss"]
[EventCountry "HUN"]
[SourceTitle "playchess.com"]
[Source "ChessBase"]
[SourceQuality "1"]

{[%evp 19,67,41,45,26,38,30,46,54,40,24,24,16,18,12,45,48,43,46,80,42,50,56,65,70,60,66,73,66,73,73,70,62,102,9,4,0,0,0,38,12,25,25,187,0,0,0,0,0,0,0]} 1. e4 c5 2. Nf3 a6 3. c3 e6 4. d4 d5 5. exd5 exd5 6. Bd3 c4 {B22: Sicilian: 2 c3} 7. Bc2 Bd6 8. O-O (8. Ne5 Qf6 9. O-O Ne7 10. Qh5 g6 11. Bg5 Qe6 12. Qh4 Bxe5 13. dxe5 Nd7 14. Nd2 {1-0 (23) Kokarev,D (2635)-Grachev,B (2666) Sochi 2015}) 8... Nc6 9. b3 cxb3 10. axb3 Nge7 {LiveBook: 7 Games} 11. Nbd2 O-O 12. Re1 Qc7 $146 ({Predecessor:} 12... Bf5 13. Nf1 Qd7 14. Ne3 {1-0 (45) Osipov,S (2450)-Guevara,F (2392) ICCF email 2011}) 13. Nf1 Bf5 14. Ng3 Bxc2 15. Qxc2 Rac8 16. Bd2 (16. Qd3 {is more complex.} Rfe8 17. Bd2 Rcd8 18. Nh4 Na5 19. Qc2) 16... Bf4 (16... Bxg3 $5 17. hxg3 (17. fxg3 Qd7 $14) 17... Qd7 $14) 17. Bxf4 Qxf4 18. Re3 f5 {[%cal Bf7f5,Bf5f4][%mdl 32]} 19. Qd3 Qh6 20. Rae1 f4 21. Re6 Rf6 22. Rxf6 Qxf6 23. Ne2 g5 24. h3 h6 25. Nc1 Nf5 26. c4 (26. b4 $16) 26... dxc4 $11 27. Qxc4+ Qf7 28. Qd3 Nb4 29. Qe4 Qd5 {White must now prevent ...Qxe4.} (29... Nd6 $5 {[%cal Rd6e4]} 30. Qe2 Qg6 $11) 30. Qb1 {And now Re5 would win.} Rc2 $2 {[#]} (30... Nc6 $11 {and Black has nothing to worry.}) 31. Nd3 $2 (31. Na2 $1 $18 {[%mdl 512]} Rxa2 (31... Nxa2 32. Qxc2) 32. Re5) 31... Nxd3 {The position is equal.} 32. Re8+ Kf7 33. Qxc2 Kxe8 34. Qxd3 {Precision: White = 55%, Black = 45%.} 1/2-1/2

[Event "36th Zalakaros Festival 2017"]
[Site "Zalakaros"]
[Date "2017.05.20"]
[Round "3"]
[White "Van Foreest, Lucas"]
[Black "Horvath, Dominik"]
[Result "1-0"]
[WhiteElo "2489"]
[BlackElo "2275"]
[Annotator "TA"]
[PlyCount "111"]
[EventDate "2017.??.??"]
[EventType "swiss"]
[EventCountry "HUN"]
[SourceTitle "playchess.com"]
[Source "ChessBase"]
[SourceQuality "1"]

{[%evp 17,111,0,0,0,0,0,0,0,0,-35,-8,-2,0,0,0,0,0,0,0,-3,0,9,25,0,22,0,42,27,39,34,47,20,25,0,2,-3,62,21,24,6,87,105,150,151,170,116,134,96,289,282,193,83,78,0,79,12,12,12,12,12,151,23,151,0,0,0,0,0,0,0,0,0,0,0,197,186,125,0,0,0,64,64,64,64,64,56,56,56,56,56,208,116,12841,12841,12841,12842]} 1. c4 e6 2. Nf3 d5 3. g3 Nf6 4. Bg2 dxc4 5. Qa4+ Bd7 6. Qxc4 {A13: English Opening: 1...e6} c5 7. Ne5 Qc8 8. O-O Nc6 9. Nxd7 Qxd7 {LiveBook: 35 Games} 10. d3 Rc8 11. Qa4 Be7 $146 ({Predecessor:} 11... b6 12. Nc3 Be7 13. Bf4 O-O {½-½ (23) Grigoriants,S (2564)-Grachev,B (2628) Moscow 2016}) 12. Bxc6 Qxc6 13. Qxa7 b5 {[%cal Bb7b5,Bb5c4][%mdl 32]} 14. Qa3 $1 Nd5 {Strongly threatening ...c4.} 15. Qb3 c4 16. dxc4 bxc4 17. Qc2 Nb4 18. Qd1 O-O 19. Bd2 Rfd8 20. a3 Nd5 21. Qc2 Rb8 22. Ba5 Rdc8 23. Nc3 Bf6 24. Rfc1 (24. Rfd1 {is interesting.} Qb7 25. Rab1 Qb3 26. Rdc1 Qb7 27. Ne4) 24... Rb3 25. e4 Nxc3 26. bxc3 h5 ({Better is} 26... Bg5 $11) 27. Bb4 h4 28. Re1 hxg3 (28... h3 $11) 29. hxg3 $16 Be5 30. Rad1 g6 31. Re3 (31. Kg2 $18) 31... Kg7 32. Qd2 g5 $2 (32... Rh8 $16) 33. Re2 $1 $18 Kg6 34. Qc2 (34. f4 $1 $18 {[%cal Rf4e5] has better winning chances.} Bf6 35. Qc2) 34... Rh8 $16 35. Red2 (35. Kg2 $16) 35... Qc8 {[#]} (35... f5 $11 36. Rd8 Qxe4 37. Qxe4 fxe4) 36. Kg2 (36. f4 $1 $16 {[%cal Rf4e5][%mdl 512]} Bc7 (36... gxf4 37. gxf4) 37. Rd7 Bb6+ 38. Kg2) 36... Qg8 $1 $11 {[%cal Rg8h7] With the idea ...Qh7.} 37. Rh1 Rxh1 38. Kxh1 g4 (38... Qh8+ $11 39. Kg2 g4) 39. Kg1 ({Only move:} 39. a4 $1 $16) 39... Qh8 (39... Qg7 $11 {remains equal.}) 40. Qd1 $2 ({White has to play} 40. a4 $1 $16) 40... Qh3 41. Rc2 Bc7 42. a4 Bb6 43. Bd6 f6 44. Qf1 Qh5 45. Bf4 Qc5 $2 (45... Ba7 $11 {and Black has nothing to worry.}) 46. Qd1 $1 $18 {[%cal Rd1g4]} Qh5 {[#]} 47. Qf1 (47. a5 $1 $16 {[%cal Ra5b6][%mdl 512]} e5 (47... Bxa5 48. Qd7) 48. axb6 exf4 49. gxf4 Rxb6 50. Rd2) 47... Qc5 $11 48. Be3 Qc6 (48... Qe5 $1 $11 49. Bxb6 Rxb6) 49. Bxb6 $14 Rxb6 {[%mdl 4096] Endgame KQR-KQR} 50. a5 Rb5 51. Qe2 f5 $1 52. Ra2 $36 {[%mdl 2048] White is pushing.} Rb1+ 53. Kg2 {Black must now prevent a6.} Qd7 $2 {[#]} (53... Kf7 $1 $14) 54. Rd2 ({And not} 54. Qxc4 Kg5 $11) (54. Rb2 $1 $18 {[%cal Rb2b1]} Ra1 55. Qxc4) 54... Qh7 $2 {[%mdl 8192]} (54... Qc6 $16) 55. exf5+ $18 Kxf5 {[#]} 56. Rd5+ $1 {[%mdl 512] Precision: White = 47%, Black = 37%.} 1-0